1462 1018 1021 1567 1301 1185 1932 1983 1620 1679 1869 1336 1156 1646 1536 1129 1209 1656 1334 1650 1734 1213 1204 1422 1781 1930 1147 1663 1873 1052 1838 1407 1329 1277 1285 1298 1763 1684 1709 1792 1207 1138 1987 1657 1109 1267 1893 1994 1737 1885 1198 1040 1696 1929 1831 1894 1442 1393 1832 1287 1761 1889 1229 1875 1153 1988 1944 1313 1753 1043 1964 1623 1968 1834 1066 1741 1675 1479 1512 1871 1113 1016 1886 1696 1573 1222 1675 1941 1861 1442 1895 1753 1813 1475 1586 1990 1202 1756 1336 BCNSPRNW ULIB Ver.6.0+V

เปลี่ยนเป็นภาษาไทย

Change to English
 แสดงรายละเอียดบรรณานุกรม
  กลับหน้าหลัก

Brief Record : Get Marc (ISO 2709) : E-mail record : QR code < ปิดหน้าต่าง
LEADER : 00000nam 2200000uu 4500
001    13399122868
003     ULIB
008    131022s2555||||th 000 0 tha d
020    ^a9786162132223
050  4 ^aDS520^bก323ซ
100    ^aกวิตา ถนอมงาม
245    ^aเซอลามัต ดาตัง...มาเลเซีย/^cกวิตา ถนอมงาม
250    ^aพิมพ์ครั้งที่ 1
260    ^aกรุงเทพฯ :^bสกายบุ๊กส์,^c2555
300    ^a72 หน้า
440  0 ^aชุด ประชาคมอาเซียนฉบับการ์ตูน
650  7 ^aอาเซียน^xเสริมความรู้
650  7 ^aมาเลเซีย
945    ^p119^l0^i034088
999    ^aเกษร โพธิ์สุวรรณ
รายการนี้ยังไม่มีแท็ก
คุณยังไม่ได้ล็อกอิน คุณสามารถมีกิจกรรมร่วมกับเว็บไซต์ได้ แต่ต้องล็อกอินก่อน ::
  ล็อกอิน

รายการสื่อสารสนเทศ

ลำดับที่ ประเภท เลขเรียก/บาร์โค้ด สถานที่ สถานะ
1. การศึกษาทั่วไป
หนังสือสำรอง
สถานะ=หนังสือสำรอง
DS520 ก323ซ ฉ.1 
  Barcode: 034088
ห้องสมุดวิทยาเขตสวรรค์ประชารักษ์
►หนังสือทั่วไป
บนชั้น

รายการใกล้เคียง
    ผู้แต่ง [กวิตา ถนอมงาม]

    หัวเรื่อง [มาเลเซีย]

BibComment


ยังไม่เคยถูกคอมเมนท์

คอมเมนท์ทรัพยากรรายการนี้
  คอมเมนท์: เซอลามัต ดาตังมา..


 Copyright 2026. Bcnsprnw @Library